00661nam a2200241 a 4500001001300000003000900013005001700022008004100039020001200080082001400092100001800106245002700124260004200151300000900193500003500202505001700237650002300254700001800277902000800295942000700303952009400310999001500404nice12345678IN_TiNIC20260116012628.0050524s1938 phia grp 000 0 eng  ac117.500a230bBRU2 aBrunner, Emil aDivine-Human Encounter aPhiladelphiabWestminster Pressc1938 a207p aincludes index and biblioraphy2 aBibliography aChristian-Theology1 aBrunner, Emil bSRS cBK 00104070aHMIbHMId2007-08-01g117.50l0o230 BRU2p14462r2007-08-01w2026-01-16yEB c7733d7733